Cliquez sur les départements français sur une carte sans frontières - Statistiques

Statistiques générales
  • Ce quiz a été pris 41 522 fois
  • Le résultat moyen est 44 sur 101
Réponses sur la Carte
Les réponses sont colorées sur une échelle allant du rouge au vert en fonction du pourcentage des utilisateurs qui les ont devinées à leur premier essai. Vous pouvez retrouver ces pourcentages ci-dessous.
 
Statistiques - réponses
Réponse % Correct
Corse-du-Sud
55%
Guyane
55%
Haute-Corse
55%
Finistère
54%
La Réunion
54%
Alpes-Maritimes
53%
Bas-Rhin
53%
Landes
53%
Manche
53%
Morbihan
53%
Pas-de-Calais
53%
Pyrénées-Orientales
53%
Charente-Maritime
52%
Côtes-d'Armor
52%
Gironde
52%
Guadeloupe
52%
Haute-Savoie
52%
Hérault
52%
Mayotte
52%
Nord
52%
Bouches-du-Rhône
51%
Calvados
51%
Haut-Rhin
51%
Loire-Atlantique
51%
Martinique
51%
Pyrénées-Atlantiques
51%
Seine-Maritime
51%
Vendée
51%
Ille-et-Vilaine
50%
Savoie
50%
Var
50%
Ardennes
49%
Somme
48%
Alpes-de-Haute-Provence
47%
Doubs
47%
Territoire de Belfort
47%
Aisne
46%
Hautes-Alpes
46%
Charente
45%
Gard
45%
Moselle
45%
Oise
45%
Ain
44%
Aude
44%
Hautes-Pyrénées
44%
Vaucluse
44%
Ariège
43%
Dordogne
43%
Eure
43%
Isère
43%
Jura
43%
Mayenne
43%
Meuse
43%
Orne
43%
Deux-Sèvres
42%
Maine-et-Loire
42%
Marne
42%
Vosges
42%
Gers
41%
Haute-Garonne
41%
Meurthe-et-Moselle
41%
Sarthe
41%
Drôme
40%
Val-d'Oise
40%
Côte-d'Or
39%
Rhône (et métropole de Lyon)
39%
Seine-et-Marne
39%
Ardèche
38%
Aveyron
38%
Haute-Marne
38%
Haute-Saône
38%
Loire
38%
Lot-et-Garonne
38%
Vienne
38%
Yvelines
38%
Aube
37%
Eure-et-Loir
37%
Haute-Loire
37%
Haute-Vienne
37%
Loiret
37%
Lozère
37%
Paris
37%
Puy-de-Dôme
37%
Saône-et-Loire
37%
Seine-Saint-Denis
37%
Yonne
37%
Allier
36%
Cantal
36%
Essonne
36%
Hauts-de-Seine
36%
Tarn
36%
Cher
35%
Corrèze
35%
Creuse
35%
Tarn-et-Garonne
35%
Val-de-Marne
35%
Indre-et-Loire
34%
Loir-et-Cher
34%
Lot
34%
Nièvre
34%
Indre
33%
Aucun quiz correspondant
Distribution des résultats
% des personnes avec chaque résultat
Percentile par nombre de réponses
Votre historique - résultats
Vous n’avez pas pris ce quiz